01700 a2200205 4500003000500000005001700005010001600022020001500038040000900053082002100062100001900083245007800102250001900180260004000199300003300239505110300272650004401375650004401419650003101463Nust20221226105707.0 a 99069606 a8176351520 cNust00a621.39160288,GRI1 aGrimes, Galen.10aSams teach yourself upgrading and fixing PCs in 24 hours /cGalen Grimes. a1st indian ed. aIndianapolis, Ind. :bSams,cc2000. axi, 342 p. :bill. ;c23 cm. aMaking the Decision to Upgrade (Page-1), Understanding the Components in your PC (Page-9), Examining your PCs System Configuration (Page-23), The Tools of the Trade (Page-37), Understanding and Working with your CMOS Settings (Page-47), Upgrading your’s Pc Memory (Page-53), Upgrading Your CPU (Page-67), Replacing your Main System Board (Page-79), Replacing Upgrading or Adding a Hard Disk Drive (Page-91), Replacing your Floppy Disk Drive (Page-129), Replacing Your Keyboard Mouse and other Input Devices (Page-141), Upgrading Your Video Card (Page-151), Upgrading Your Video Monitor (Page-163), Upgrading or Adding a Modern or other Communications Device (Page-173), Upgrading Your PC’s Case and Power Supply (Page-185), Upgrading Your PC’s BIOS (Page-197), Upgrading or Adding a Sound System to Your PC (Page-209), Selecting and Installing a Printer (Page-221), Selecting and Using a Scanner or Digital Camera (Page-233), Upgrading to a New Operating System (Page-243), PC Performance Monitoring and Diagnostic Tools (Page-253), How to Purchase PC Components on the Internet (Page-265).  0aMicrocomputersxEquipment and supplies. 0aMicrocomputersxMaintenance and repair. 0aMicrocomputersxUpgrading.